000 00295nam a22001337a 4500
008 260414b ||||| |||| 00| 0 eng d
020 _a189165408
041 _aShqip- Eng
080 _a00.1
100 _a20
101 _apoezi
245 _aCall Me by Name
_cFlora Brovina
942 _2udc
_cBK
999 _c60969
_d60969